Online
Catalog

Introducción a la moderna gramática española / (Record no. 48512)

MARC details
000 -CABECERA
campo de control de longitud fija 00641nam a2200169 a 4500
001 - NÚMERO DE CONTROL
campo de control 000049024
005 - FECHA Y HORA DE LA ÚLTIMA TRANSACCIÓN
campo de control 20201002061609.0
008 - DATOS DE LONGITUD FIJA--INFORMACIÓN GENERAL
campo de control de longitud fija 190715s1986 sp b r 000 0 spa d
040 ## - FUENTE DE LA CATALOGACIÓN
Centro catalogador/agencia de origen DO-SdBNP
Lengua de catalogación spa
Centro/agencia transcriptor BNPHU
082 ## - NÚMERO DE LA CLASIFICACIÓN DECIMAL DEWEY
Número de clasificación xxxx
Número de documento/Ítem E74i
100 1# - ENTRADA PRINCIPAL--NOMBRE DE PERSONA
Nombre de persona Escarpanter, José
9 (RLIN) 68347
245 10 - MENCIÓN DE TÍTULO
Título Introducción a la moderna gramática española /
Mención de responsabilidad, etc. José Escarpanter.
260 ## - PUBLICACIÓN, DISTRIBUCIÓN, ETC.
Lugar de publicación, distribución, etc. Santo Domingo :
Nombre del editor, distribuidor, etc. Playor,
Fecha de publicación, distribución, etc. 1986.
300 ## - DESCRIPCIÓN FÍSICA
Extensión 270 p. :
Otras características físicas map. ;
Dimensiones 25 cm.
500 ## - NOTA GENERAL
Nota general Una aproximación estructural a la gramática. Un libro claro, práctico, lleno de ejercicios, que le permiten dominar la estructura del español.
590 ## - NOTA LOCAL (RLIN)
Nota local Inventariado, 2019/BT
Holdings
Estado de retiro Estado de pérdida Restricciones de uso No para préstamo Código de colección Localización permanente Ubicación/localización actual Ubicación en estantería Fecha de adquisición Número de inventario Total de préstamos Signatura topográfica completa Código de barras Fecha visto por última vez Precio válido a partir de Tipo de ítem Koha Nota pública
      Excluido de préstamo Monografías: Libros y Folletos Patrimonio Dominicano Patrimonio Dominicano Depósito 15.07.2019 LF1   xxxx E74i 49025-10 25.06.2020 25.06.2020 No se presta Perteneció a la biblioteca personal de Bárbara Suncar.

Powered by Koha